000
00259nam a22001217a 4500
008
181031b xxu||||| |||| 00| 0 eng d
041
_a
eng
080
_a
940
100
_a
16
101
_a
SHH
245
_a
The Age of Louis XIV
_c
Durant,W
942
_2
udc
_c
BK
999
_c
51221
_d
51221